00467nam a2200133Ia 45000010005000000080041000050820017000461000096000632450099001592600024002585900007002829010029002899990015003182708241024s9999 xx 000 0 und d aRD/507/R426i aRepública Dominicana. Ministerio de Educación Superior, Ciencia y Tecnología (MESCyT) 0aImplementación del sistema de ciencia, tecnología e innovación de República Dominicana bSanto Domingoc2012 asi a28/12/2012 10:18:29 a.m. c8214d8214